000 00841nam a22002537a 4500
003 dpl
005 20180630154317.0
008 180522b xxu||||| |||| 00| 0 eng d
010 _aB-217624, B-217629
020 _c1100.00
_a8188583782
035 _aB-217624, B-217626
037 _bCen Lib/Ret
040 _aDPL
_bEN
_c0
082 _a954.11
_bBEA
245 _aThe beautiful India :
_cedited by S. A. Rahman
_bJammu and Kashmir /
260 _aNew Delhi
_bReference Press
_c2005
270 _bNew Delhi
_a4831/24, Ansari Road, Darya Ganj
_e110002
300 _ax,494p.
_c22cm(Hb)
500 _aIncludes bibliographical references
650 _aIndia -- Jammu and Kashmir
_9105303
650 _aLanguage and literature of Jammu and Kashmir
_930192
700 _aS.A.Rahman
_928212
942 _2ddc
_cEN
_h954.11
_mBEA
999 _c130823
_d130823